| 000 | 00000nam 2200000za 4500 |
| 001 | 9.845197 |
| 003 | CaOODSP |
| 005 | 20221107152917 |
| 007 | cr ||||||||||| |
| 008 | 171005s1993 onc obu f000 0 eng d |
| 040 | |aCaOODSP|beng |
| 041 | |aeng|gfre |
| 043 | |an-cn--- |
| 086 | 1 |aP29-072-011-1993E-PDF |
| 245 | 00|aMicrofilm and electronic images as documentary evidence |h[electronic resource] / |cprepared by the Canadian General Standards Board ; approved by the Standards Council of Canada. |
| 260 | |aOttawa : |bCanadian General Standards Board, |c1993. |
| 300 | |aii, 31 p. + |e2 v (1, 3 p.) |
| 490 | 1 |aNational standard of Canada ; |vCAN-CGSB-72.11-93 |
| 500 | |aIssued also in French under title: Microfilms et images électroniques - preuve documentaire. |
| 500 | |a"Withdrawn / Retirée." |
| 500 | |a"Supercedes CAN/CGSB-72.11-M88." |
| 500 | |aIncludes corrigendum and amendment. |
| 504 | |aIncludes bibliographical references (p. 24). |
| 520 | |a"This standard provides rules and guidelines for organizations to establish and operate a credible image management program with the ability to demonstrate that the resulting captured images are accurate reproductions of source records"--Scope, p. 1. |
| 530 | |aIssued also in print format. |
| 546 | |aStandard and corrigendum in English, amendment in English and French. |
| 692 | 07|2gccst|aRecords |
| 692 | 07|2gccst|aEvidence |
| 692 | 07|2gccst|aReprography |
| 692 | 07|2gccst|aStandards |
| 710 | 2 |aStandards Council of Canada. |
| 710 | 2 |aCanadian General Standards Board. |
| 775 | 08|tMicrofilms et images électroniques - preuve documentaire |w(CaOODSP)9.845202 |
| 776 | 0#|tMicrofilm and electronic images as documentary evidence |w(CaOODSP)9.610734 |
| 830 | #0|aNational standard of Canada ;|vCAN-CGSB-72.11-93|w(CaOODSP)9.507848 |
| 856 | 40|qPDF|s2.30 MB|uhttps://publications.gc.ca/collections/collection_2017/ongc-cgsb/P29-072-011-1993-eng.pdf|zStandard |
| 856 | 40|qPDF|s945 KB|uhttps://publications.gc.ca/collections/collection_2017/ongc-cgsb/P29-072-011-1993-1-eng.pdf|zCorrigendum |
| 856 | 40|qPDF|s606 KB|uhttps://publications.gc.ca/collections/collection_2017/ongc-cgsb/P29-072-011-1993-2.pdf|zAmendment |